A közösségi média hatása a fiatalok kultúrafogyasztási szokásaira

Bibliográfiai részletek
Szerző: Kincses-Pércsy Dóra
További közreműködők: Petõ Lilla
Dokumentumtípus: Diplomadolgozat
Kulcsszavak:digitális kultúra
facebook
fiatalok
Instagram
közösségi média
kultúra
kultúrafogyasztás
Tiktok
Online Access:http://dolgozattar.uni-bge.hu/59484

MARC

LEADER 00000nta a2200000 i 4500
001 dolg59484
005 20260409145127.0
008 260409suuuu hu om 000 hun d
040 |a BGE Dolgozattár Repozitórium  |b hun 
041 |a hu 
100 1 |a Kincses-Pércsy Dóra 
245 1 2 |a A közösségi média hatása a fiatalok kultúrafogyasztási szokásaira  |c Kincses-Pércsy Dóra  |h [elektronikus dokumentum] 
520 3 |a Dolgozatomban arra törekedtem, hogy egy átfogó, teljes képet nyújtsak arról, hogy a közösségi média oldalak milyen módon befolyásolják a fiatalok kultúrafogyasztási preferenciáit. A saját kérdőíves kutatásom során több olyan eredményt is kaptam, ami számomra különösen meghatározó volt. Az egyik legfontosabb megállapítás az volt, hogy a fiatal generáció számára mennyire inspirálóak a közösségi média platformokon megjelenő kulturális tartalmak. A kutatásomban résztvevő fiatalok szinte mindegyikét érintette már meg úgy valamilyen tartalom, hogy annak hatására felkeresett különféle kulturális programokat, a legtöbben már többször is. Kutatásom egyik fő tanulsága, hogy a kulturális intézmények és szakemberek számára ma már elengedhetetlen a digitális tér ismerete és megfelelő, tudatos használata annak érdekében, hogy minél eredményesebben érjék el a fiatal generációt. 
695 |a digitális kultúra 
695 |a facebook 
695 |a fiatalok 
695 |a Instagram 
695 |a közösségi média 
695 |a kultúra 
695 |a kultúrafogyasztás 
695 |a Tiktok 
700 1 |a Petõ Lilla  |e ths 
856 4 0 |u http://dolgozattar.uni-bge.hu/59484/1/KincsesPe%CC%81rcsyDo%CC%81ra_Szakdolgozat.pdf  |z Dokumentum-elérés 
856 4 0 |u http://dolgozattar.uni-bge.hu/59484/2/Kincses-P%C3%A9rcsy%20D%C3%B3ra_b%C3%ADr%C3%A1lat.pdf  |z Dokumentum-elérés 
856 4 0 |u http://dolgozattar.uni-bge.hu/59484/3/KincsesPD%C3%B3ra.pdf  |z Dokumentum-elérés